| 000 | 00803nam2a2200253 4500 | ||
|---|---|---|---|
| 001 | RU\NLR\bibl\1823632 | ||
| 005 | 20250616223615.0 | ||
| 010 |
_a978-5-91815-042-9 _9370 |
||
| 021 |
_aRU _b2011-73439 _95218 |
||
| 035 | _a(NLR Aleph) 002067611 | ||
| 090 |
_a4721531 _c4721531 |
||
| 100 | _a20111020d2011 |||y0rusy50 ca | ||
| 101 | 0 | _arus | |
| 102 | _aRU | ||
| 105 | _ay ||||||||| | ||
| 200 | 0 | _aКн. 3 | |
| 210 |
_d2011 _aБ. м. |
||
| 215 | _a250, [3] c. | ||
| 461 | 0 |
_1001RU\NLR\bibl\1781966 _12001#$aСовременная поэзия$vКн. 3 _94721250 _cМосква _d2010 _nЛитературный клуб _o[альманах _tСовременная поэзия _vКн. 3 |
|
| 801 | 0 |
_aRU _bNLR _c20111020 _gRCR |
|
| 801 | 1 |
_aRU _bNLR _c20111020 |
|
| 942 | _cBOOK | ||
| 980 | _aNB | ||